000 05503nam a22005657a 4500
005 20090121100857.0
008 090121t xxu||||| |||| 00| 1 eng d
010 _aB-358976
020 _a8130400936
_c135.00
020 _a9788130400938
_c135.00
035 _aB-358976
035 _aB-332531-553
037 _bBlueberry Books
040 _adpl
_bEnglish
082 _aS
100 _aJaiswal , Sanjay ' Sanjay'
245 _aBest of magic tales /
_cby Sanjeev Jaiswal 'Sanjay'; edited by Shyam Dua; illustrated by P.R.Rustagi
260 _aDelhi
_bTiny Tot Publications
_c2008
270 _a235, Jagriti Enclave , Vikas Marg
_bDelhi
_e110092
_k22167314, 22163582
_l91-11-22143023
_mtinytotpub@hotmail.com
300 _a144p. :
_bcol. photos
_c25cm(Hb)
700 _aDua, Shyam
700 _aRustagi, P.R.
942 _2ddc
_cCH
_hS
_mBES
999 _c22002
_d22002